000 00621nam a22001937a 4500
005 20180419140815.0
010 _aENG-122643
020 _c575.00
_a9789383043040
035 _aEN-106175
037 _bDBAD/PUB
082 _a883.009954
100 _aArti Nirmal
245 _aShifting homes and transnational identities /
_cby Arti Nirmal
260 _c2015
_aNew Delhi
_bSatyam Books
270 _a2/13,Ansari Road Daryaganj,
_bNew Delhi
_e110002
_k011-23242686,23245698
_msatyambooks@hotmail.com
300 _c22cm(Hb)
_a174P.
500 _aIt includes index
942 _cEN
_2ddc
_mART
_h883.009954
999 _c151524
_d151524